LEADER 00905nam0-2200289---450- 001 990008507920403321 005 20070903152447.0 035 $a000850792 035 $aFED01000850792 035 $a(Aleph)000850792FED01 035 $a000850792 100 $a20070508d1972----km-y0itay50------ba 101 0 $ager 102 $aDE 105 $ay-------001yy 200 1 $aErfahrung als Rechtsquelle$eAbduktion und Falsifikation von Hypothesen im juristischen Entscheidungsprozess$eeine Fallstudie aus dem Kartellstrafrecht$fKlaus Lüderssen 210 $aFrankfurt am Main$cSuhrkamp$dİ1972 215 $a259 p.$d24 cm 676 $a340.1$v20$zita 700 1$aLüderssen,$bKlaus$f<1932- >$0414202 801 0$aIT$bUNINA$gRICA$2UNIMARC 901 $aBK 912 $a990008507920403321 952 $aXI D L 17$b2994$fDFD 959 $aDFD 996 $aErfahrung als rechtsquelle$9276357 997 $aUNINA LEADER 01708oam 2200529zu 450 001 9910130931303321 005 20210807004646.0 010 $a1-118-66618-6 035 $a(CKB)3450000000004322 035 $a(SSID)ssj0000726564 035 $a(PQKBManifestationID)11418146 035 $a(PQKBTitleCode)TC0000726564 035 $a(PQKBWorkID)10673973 035 $a(PQKB)11631319 035 $a(PPN)177887990 035 $a(EXLCZ)993450000000004322 100 $a20160829d2006 uy 101 0 $aeng 181 $ctxt 182 $cc 183 $acr 200 00$aBack-arc spreading systems : geological, biological, chemical, and physical interactions 210 31$a[Place of publication not identified]$cAmerican Geophysical Union$d2006 225 0 $aGeophysical monograph series Back-arc spreading systems 300 $aBibliographic Level Mode of Issuance: Monograph 311 $a0-87590-431-9 606 $aSea-floor spreading 606 $aBack-arc basins 606 $aHydrothermal vents 606 $aMarine geophysics 606 $aGeology$2HILCC 606 $aEarth & Environmental Sciences$2HILCC 606 $aDynamic & Structural Geology$2HILCC 615 0$aSea-floor spreading 615 0$aBack-arc basins 615 0$aHydrothermal vents 615 0$aMarine geophysics 615 7$aGeology 615 7$aEarth & Environmental Sciences 615 7$aDynamic & Structural Geology 676 $a551.1/36 702 $aChristie$b David M 801 0$bPQKB 906 $aBOOK 912 $a9910130931303321 996 $aBack-arc spreading systems : geological, biological, chemical, and physical interactions$92280178 997 $aUNINA